00855nam a2200229 i 45000010005000000030009000050050017000140070003000310080041000340800023000750800021000982450119001192600049002383000020002874900061003075000046003686510047004146510049004617000019005108300061005298520035005906369ES-MaACL20231103062523.0t|891005m19131951fr ||||1| fre d a323(44)"1789/1799" a9(44)"1789/1799"00aRapports des agents du Ministre de l'Interieur dans les Departementsb: (1793-An II) / cpublies par Pierre Caron. aParis : bImprimerie Nationale, c1913-1951. a2 v. ; c28 cm.1 aCollection de documents inedits sur l'histoire de France at. I. publicado en 1913 y t. II. en 1951. 4aFrancia-xPolítica interior-y1789-1799. 4aFrancia-xHistoria-y1789-1799, Revolución1 aCaron, Pierre.0 aCollection de documents inedits sur l'histoire de France aES-MaACLjL-13562-3 bR.117169